ბათუმის შოთა რუსთაველის სახელმწიფო უნივერსიტეტის ბიბლიოთეკა

ამერიკული მოთხრობები = AMERICAN SHORT STORIES : (ბიბ.ჩანაწერი № 40476)

000 -ლიდერი
ფიქსირებული სიგრძის საკონტროლო ველი 01331nam a2200265Ia 4500
001 - საკონტროლო ნომერი
საკონტროლო ველი 7087
003 - საკონტროლო ნომრის იდენტიფიკატორი
საკონტროლო ველი GE_BSU
005 - ბოლო ოპერაციის თარიღი და დრო
საკონტროლო ველი 20231030112536.0
008 - ფიქსირებული სიგრძის მონაცემთა ელემენტები - ზოგადი ინფორმაცია
ფიქსირებული სიგრძის საკონტროლო ველი 181216s2011||||ge |||||||||||||| ||geo||
020 ## - წიგნის საერთაშორისო სტანდარტული ნომერი
International Standard Book Number 9789941152931
040 ## - კატალოგიზაციის წყარო
Transcribing agency GE_BSU
041 ## - ენის კოდი
Language code of text/sound track or separate title geo
080 ## - უნივერსალური ათობითი კლასიფიკაციის ინდექსი
Universal Decimal Classification number 821.111(73)-32 ა-57
245 ## - ცნობა სათაურის შესახებ
Title ამერიკული მოთხრობები = AMERICAN SHORT STORIES :
Remainder of title ანთოლოგია
Statement of responsibility, etc შემდგ. ბაკურ სულაკაური ; რედ. : თეა ქიტოშვილი, რუსუდან გიორგაძე.
264 ## - წარმოების, გამოცემის, დისტრიბუციის და სხვა ცნობები
გამოცემის, წარმოების, დისტრიბუციის... ადგილი თბილისი :
გამოცემის, წარმოების, დისტრიბუციის... სახელწოდება ბაკურ სულაკაურის გამ-ბა,
გამოცემის, წარმოების, დისტრიბუციის... თარიღი 2011.
300 ## - ფიზიკური აღწერა
Extent 397გვ. ;
Dimensions 23 სმ.
500 ## - ზოგადი შენიშვნა
General note ყდაზე : გრანტ ვულდის ნახატი ,,ამერიკული გოთიკა"
653 ## - INDEX TERM--UNCONTROLLED
Uncontrolled term ამერიკული მოთხრობები
653 ## - INDEX TERM--UNCONTROLLED
Uncontrolled term ანთოლოგია
700 ## - ADDED ENTRY--PERSONAL NAME
Personal name სულაკაური, ბაკურ
Relator term შემდგენელი
9 (RLIN) 13805
700 ## - ADDED ENTRY--PERSONAL NAME
Personal name ქიტოშვილი, თეა
Relator term რედაქტორი
9 (RLIN) 20264
700 ## - ADDED ENTRY--PERSONAL NAME
Personal name გიორგაძე, რუსუდან
Relator term რედაქტორი
9 (RLIN) 20265
942 ## - ADDED ENTRY ELEMENTS (KOHA)
Koha item type წიგნი
Source of classification or shelving scheme
ეგზემპლარები
ჩამოწერის სტატუსი დაკარგული ეგზემპლარის სტატუსი კლასიფიკაციის წყარო ან თაროზე გაწყობის სქემა დაზიანების სტატუსი არ გაიცემა მუდმივი მდებარეობა (დაცვის ადგილი) ამჟამინდელი ადგილსამყოფელი თაროზე განთავსების ადგილი შეძენის თარიღი ღირებულება, შესყიდვის ნორმალური ფასი სრული შენახვის შიფრი შტრიხკოდი ბოლო ოპერაციის თარიღი ეგზემპლარის მიმდევრობითი ნომერი (კეტერი?) ფასის ძალაში შესვლის თარიღი ეგზემპლარის სახეობა საჯარო შენიშვნა
          ბათუმის შოთა რუსთაველის სახელმწიფო უნივერსიტეტის მთავარი ბიბლიოთეკა ბათუმის შოთა რუსთაველის სახელმწიფო უნივერსიტეტის მთავარი ბიბლიოთეკა წიგნსაცავი 2018-12-17 17.00 821.111(73)-32 ა-57 22946 2018-12-17 22946 2018-12-17 წიგნი 17.00 ₾.